|
|
|
|
| LEADER |
00000nam a22000007a 4500 |
| 005 |
2016093004534.0 |
| 007 |
cr|||| ||u| |
| 008 |
160930s2016 Mx |||||o|||| 001 0 Spa d |
| 020 |
|
|
|a 978-607-440-869-0
|
| 035 |
|
|
|a 14305
|
| 040 |
|
|
|a vLex
|
| 090 |
|
|
|c 6251
|d 6251
|
| 100 |
1 |
|
|a Přez Chavez, Jos ̌
|
| 245 |
1 |
|
|a Manual prc̀tico de sociedades y asociaciones civiles 2016
|h [Recurso electrn̤ico] /
|c Jos ̌Přez Chavez, Eladio Campero Guerrero.
|
| 256 |
|
|
|a Servicio en ln̕ea
|
| 260 |
|
|
|a Mx̌ico:
|b Tax Editores,
|c 2016.
|
| 300 |
|
|
|a 1 Recurso electrn̤ico
|
| 506 |
1 |
|
|a Disponible solo en los productos.
|d vLex Global
|d vLex Global (Academic Edition, excluding Law Schools)
|d vLex Global (U.S. Academic Edition, Law Schools)
|d vLex Global (U.S. Academic Edition, excluding Law Schools)
|d vLex Global (Academic Edition, Law Schools)
|
| 650 |
0 |
4 |
|a Derecho fiscal
|z Mx̌ico
|
| 650 |
0 |
4 |
|a Sociedades
|z Mx̌ico
|
| 650 |
0 |
4 |
|a Asociaciones
|z Mx̌ico
|
| 700 |
1 |
|
|a Campero Guerrero, Eladio
|
| 700 |
1 |
|
|a Fol Olguin, Raymundo
|
| 740 |
0 |
|
|a vLex libros (servicios en ln̕ea)
|
| 856 |
4 |
0 |
|z Acceso restringido
|u http://vlex.com/source/manual-practico-de-sociedades-y-asociaciones-civiles-2016-14305
|
| 942 |
|
|
|c BOOK
|
| 999 |
0 |
|
|a Taxations-law and legislation
|
| 999 |
0 |
|
|a Corporations
|
| 999 |
0 |
|
|a Associations
|